Statistiques concernant Marvel : La pègre

Cliquez ici pour prendre le quiz!

Statistiques générales

  • Ce quiz a été pris 19 fois
  • Le résultat moyen est 4 sur 18

Statistiques - réponses

IndicePersonnage% Correct
Le seul et unique CaïdWilson Fisk/Kingpin
94%
Voleuse félineBlack Cat/Felicia Hardy
56%
Son filsRichard Fisk/The Rose
39%
Tueur précisBullseye
33%
Mafieux à la tête dureHammerhead/Joseph
33%
Sous sa capucheThe Hood/Parker Robbins
33%
Amateur de bombes citrouillesNorman Osborn/Green Goblin
28%
Chef des Démons IntérieursMartin Li/Mister Negative
22%
Défiguré par CastleJigsaw
17%
Afro américain albinosTombstone
17%
Marraine de HarlemBlack Mariah
11%
Oiseau de nuitLeland Owlsley/Hibou
11%
Comte florentinLuchino Nefaria
11%
Vieux parrainSilvio Manfredi/Silvermane
11%
Frère ennemi de CageWillis Stryker/Diamondback
11%
Tueuse à gagesMadame Masque
6%
Sombre ninjaNobu
6%
Assassine en rougeElektra Natchios
0%

Distribution des résultats

Percentile par nombre de réponses

% des personnes avec chaque résultat

Votre développement - résultats

Vous n’avez pas pris ce quiz